Putting the one minute manager to work (Record no. 108252)
[ view plain ]
| 000 -LEADER | |
|---|---|
| fixed length control field | 00651cam a22001935a 4500 |
| 001 - CONTROL NUMBER | |
| control field | L143703 |
| 008 - FIXED-LENGTH DATA ELEMENTS--GENERAL INFORMATION | |
| fixed length control field | 080528s2004 xxk f 000 0 eng d |
| 020 ## - INTERNATIONAL STANDARD BOOK NUMBER | |
| International Standard Book Number | 9780007811328 |
| 035 ## - SYSTEM CONTROL NUMBER | |
| System control number | (Sirsi) u143703 |
| 041 0# - LANGUAGE CODE | |
| Language code of text/sound track or separate title | eng |
| 100 1# - MAIN ENTRY--PERSONAL NAME | |
| Personal name | Blanchard, Ken |
| 245 00 - TITLE STATEMENT | |
| Title | Putting the one minute manager to work |
| Remainder of title | a practical guide to improving performance |
| 260 ## - PUBLICATION, DISTRIBUTION, ETC. | |
| Place of publication, distribution, etc. | London |
| Name of publisher, distributor, etc. | Harper Collins Publishers |
| Date of publication, distribution, etc. | 2004 |
| 300 ## - PHYSICAL DESCRIPTION | |
| Extent | 110p. |
| Dimensions | 20cm. |
| 520 ## - SUMMARY, ETC. | |
| Summary, etc. | Parable-style book provides methods for maximising effectiveness as a manager to increase performance, productivity and profits. |
| 651 #4 - SUBJECT ADDED ENTRY--GEOGRAPHIC NAME | |
| Geographic name | International |
| 700 1# - ADDED ENTRY--PERSONAL NAME | |
| Personal name | Lorber, Robert |
| 942 ## - ADDED ENTRY ELEMENTS (KOHA) | |
| Suppress in OPAC | 0 |
| Withdrawn status | Lost status | Source of classification or shelving scheme | Damaged status | Not for loan | Home library | Current library | Shelving location | Date acquired | Total Checkouts | Full call number | Barcode | Date last seen | Date last checked out | Copy number | Price effective from | Koha item type |
|---|---|---|---|---|---|---|---|---|---|---|---|---|---|---|---|---|
| Dewey Decimal Classification | London | London | Staff library | 28/05/2008 | 2 | STAFF BLAN | 30074791 | 06/08/2019 | 11/02/2009 | 1 | 06/08/2019 | Book | ||||
| Missing | London | London | Missing | 28/05/2008 | 2 | STAFF BLAN | 30074752 | 06/08/2019 | 23/03/2011 | 2 | 06/08/2019 | Book | ||||
| Dewey Decimal Classification | London | London | Staff library | 28/05/2008 | 2 | STAFF BLAN | 30074741 | 06/08/2019 | 12/01/2012 | 3 | 06/08/2019 | Book | ||||
| Dewey Decimal Classification | London | London | Staff library | 28/05/2008 | STAFF BLAN | 30074739 | 06/08/2019 | 4 | 06/08/2019 | Book | ||||||
| Dewey Decimal Classification | London | London | Staff library | 28/05/2008 | STAFF BLAN | 30072507 | 06/08/2019 | 5 | 06/08/2019 | Book | ||||||
| Dewey Decimal Classification | London | London | Staff library | 18/06/2012 | STAFF BLAN | 30077475 | 06/08/2019 | 6 | 06/08/2019 | Book |